Simulation of injection and capture of beam electrons in small-size betatrons by the method of macroparticles; Bulletin of the Tomsk Polytechnic University; Vol. 310, № 1

Detalhes bibliográficos
Parent link:Bulletin of the Tomsk Polytechnic University/ Tomsk Polytechnic University (TPU).— , 2006-2007
Vol. 310, № 1.— 2007.— [P. 61-64]
Autor principal: Grigoriev V. P.
Outros Autores: Ofitserov V. V., Semeshov V. А.
Resumo:Заглавие с титульного листа
Электронная версия печатной публикации
The simulation problem of self-consistent dynamics of electron beam in small-size betatrons has been considered. The description of numerical model developed on the basis of macroparticle method is presented. The results of process modelling of electron injection and capture on the acceleration mode in betatrons with axially-symmetrical and asymmetrical magnetic field are shown. Optimal input injection parameters by beam current and energy (20...40 keV and 0,1...1,0 А) providing the maximum number of the capture electrons are defined. The techniques of increasing capture efficiency due to using variations of external magnetic field and additional energy selection of circuital decelerating EMF of the captured electrons are numerically studied. It allows an increase in capture coefficient from 4 to 7,4 % and capture at the acceleration up to 7,4·1010 electrons.
Idioma:inglês
Publicado em: 2007
Colecção:Mathematics and mechanics. Physics
Assuntos:
Acesso em linha:http://www.lib.tpu.ru/fulltext/v/Bulletin_TPU/2007/v310eng/i1/14.pdf
Formato: MixedMaterials Recurso Electrónico Capítulo de Livro
KOHA link:https://koha.lib.tpu.ru/cgi-bin/koha/opac-detail.pl?biblionumber=180640

MARC

LEADER 00000nla2a2200000 4500
001 180640
005 20231031170834.0
035 |a (RuTPU)RU\TPU\book\195817 
035 |a RU\TPU\book\195816 
090 |a 180640 
100 |a 20100522d2007 k y0rusy50 ca 
101 1 |a eng  |c rus 
102 |a RU 
135 |a drnn ---uucaa 
200 1 |a Simulation of injection and capture of beam electrons in small-size betatrons by the method of macroparticles  |b Electronic resource  |f V. P. Grigoriev, V. V. Ofitserov, V. А. Semeshov 
203 |a Text  |c electronic 
215 |a 1 файл (1.5 Мб) 
225 1 |a Mathematics and mechanics. Physics 
230 |a Электронные текстовые данные (1 файл : 1.5 Мб) 
300 |a Заглавие с титульного листа 
300 |a Электронная версия печатной публикации 
320 |a [Bibliography: p. 64 (9 titles)] 
330 |a The simulation problem of self-consistent dynamics of electron beam in small-size betatrons has been considered. The description of numerical model developed on the basis of macroparticle method is presented. The results of process modelling of electron injection and capture on the acceleration mode in betatrons with axially-symmetrical and asymmetrical magnetic field are shown. Optimal input injection parameters by beam current and energy (20...40 keV and 0,1...1,0 А) providing the maximum number of the capture electrons are defined. The techniques of increasing capture efficiency due to using variations of external magnetic field and additional energy selection of circuital decelerating EMF of the captured electrons are numerically studied. It allows an increase in capture coefficient from 4 to 7,4 % and capture at the acceleration up to 7,4·1010 electrons. 
337 |a Adobe Reader 
461 1 |0 (RuTPU)RU\TPU\book\169973  |t Bulletin of the Tomsk Polytechnic University  |f Tomsk Polytechnic University (TPU)  |d 2006-2007 
463 1 |0 (RuTPU)RU\TPU\book\195457  |t Vol. 310, № 1  |v [P. 61-64]  |d 2007  |p 201 p. 
610 1 |a simulation 
610 1 |a injection 
610 1 |a capture 
610 1 |a beam electrons 
610 1 |a mall-size betatrons 
610 1 |a method of macroparticles 
610 1 |a problems 
610 1 |a dynamics 
610 1 |a numerical models 
610 1 |a acceleration 
610 1 |a axially-symmetrical magnetic field 
610 1 |a axially-asymmetrical magnetic field 
610 1 |a input parameters 
610 1 |a energy 
610 1 |a external magnetic fields 
610 1 |a selection 
610 1 |a труды учёных ТПУ 
610 1 |a электронный ресурс 
675 |a 537.333  |v 3 
700 1 |a Grigoriev  |b V. P. 
701 1 |a Ofitserov  |b V. V. 
701 1 |a Semeshov  |b V. А. 
801 1 |a RU  |b 63413507  |c 20090623  |g PSBO 
801 2 |a RU  |b 63413507  |c 20110331  |g PSBO 
856 4 |u http://www.lib.tpu.ru/fulltext/v/Bulletin_TPU/2007/v310eng/i1/14.pdf 
942 |c CF